Auditing : (Record no. 162600)

MARC details
000 -LEADER
fixed length control field 00689nam a2200253 a 4500
008 - FIXED-LENGTH DATA ELEMENTS--GENERAL INFORMATION
fixed length control field
020 ## - INTERNATIONAL STANDARD BOOK NUMBER
International Standard Book Number 0702143561 (pbk.)
049 ## - LOCAL HOLDINGS (OCLC)
Holding library MAIN
090 ## - LOCALLY ASSIGNED LC-TYPE CALL NUMBER (OCLC); LOCAL CALL NUMBER (RLIN)
Classification number (OCLC) (R) ; Classification number, CALL (RLIN) (NR) HF5667.12SAD
003 - CONTROL NUMBER IDENTIFIER
control field
005 - DATE AND TIME OF LATEST TRANSACTION
control field 20230123134239.0
040 ## - CATALOGING SOURCE
Transcribing agency NUST
100 1# - MAIN ENTRY--PERSONAL NAME
Personal name Sadler, Elmarie.
245 10 - TITLE STATEMENT
Title Auditing :
Remainder of title a final approach /
Statement of responsibility, etc. Elmarie Sadler...[et.al]
246 ## - VARYING FORM OF TITLE
Title proper/short title A final approach.
250 ## - EDITION STATEMENT
Edition statement 3rd ed.
260 ## - PUBLICATION, DISTRIBUTION, ETC.
Place of publication, distribution, etc. Kenwyn :
Name of publisher, distributor, etc. Juta,
Date of publication, distribution, etc. 1992.
300 ## - PHYSICAL DESCRIPTION
Extent xiv, 461 p. :
Other physical details ill. ;
Dimensions 21 cm.
700 ## - ADDED ENTRY--PERSONAL NAME
Personal name Smit, Riette.
700 ## - ADDED ENTRY--PERSONAL NAME
Personal name Van Staden, Marianne.
700 ## - ADDED ENTRY--PERSONAL NAME
Personal name Hamel, Andre
907 ## - LOCAL DATA ELEMENT G, LDG (RLIN)
a .b10155958
b 15-09-06
c 01-03-05
942 ## - ADDED ENTRY ELEMENTS (KOHA)
Koha item type Ordinary Loan Books
Call number prefix HF5667.12SAD
Holdings
Date last seen Total Checkouts Full call number Barcode Cost, replacement price Price effective from Koha item type Lost status Source of classification or shelving scheme Damaged status Not for loan Collection Withdrawn status Home library Current library Shelving location Date acquired Cost, normal purchase price
01/23/2023 14 HF5667.12 SAD 92003010851 80.00 01/23/2023 BOOKS   LCC     NFIC   MAIN MAIN GEN 01/23/2023 80.00